Variance accounting / (Record no. 15072)
[ view plain ]
| 000 -LEADER | |
|---|---|
| fixed length control field | 00822nam a2200265 i 4500 |
| 001 - CONTROL NUMBER | |
| control field | 15072 |
| 003 - CONTROL NUMBER IDENTIFIER | |
| rucl marc code | BD-RjUL |
| 005 - DATE AND TIME OF LATEST TRANSACTION | |
| control field | 20211208235738.0 |
| 008 - FIXED-LENGTH DATA ELEMENTS--GENERAL INFORMATION | |
| fixed length control field | 140209s19851976enk 001 0 eng |
| 020 ## - INTERNATIONAL STANDARD BOOK NUMBER | |
| International Standard Book Number | 0333196082 : |
| -- | 0333196090 |
| 035 ## - SYSTEM CONTROL NUMBER | |
| System control number | (BD-RjUL)15126 |
| 040 ## - CATALOGING SOURCE | |
| Original cataloging agency | DLC |
| Transcribing agency | DLC |
| Modifying agency | DLC |
| Language of cataloging | eng |
| 041 ## - LANGUAGE CODE | |
| Language code of text/sound track or separate title | eng |
| 082 00 - DEWEY DECIMAL CLASSIFICATION NUMBER | |
| Classification number | 657.42 |
| Author mark and year | LAV 1985 |
| 100 1# - MAIN ENTRY--PERSONAL NAME | |
| Personal name | Laidler, Ernest. |
| 9 (RLIN) | 46930 |
| 245 10 - TITLE STATEMENT | |
| Title | Variance accounting / |
| Statement of responsibility, etc. | Ernest Laidler. |
| 260 ## - PUBLICATION, DISTRIBUTION, ETC. (IMPRINT) | |
| Place of publication, distribution, etc. | London : |
| Name of publisher, distributor, etc. | Macmillan in association with the Institute of Cost and Management Accountants, |
| Date of publication, distribution, etc. | C1976.[reprinting 1985] |
| 300 ## - PHYSICAL DESCRIPTION | |
| Pagination | xiv, 135 p. ; |
| Size | 23 cm. |
| 504 ## - BIBLIOGRAPHY, ETC. NOTE | |
| Bibliography, etc | Includes index. |
| 650 #0 - SUBJECT ADDED ENTRY--TOPICAL TERM | |
| Topical term or geographic name as entry element | Cost accounting. |
| 9 (RLIN) | 46931 |
| 710 2# - ADDED ENTRY--CORPORATE NAME | |
| Corporate name or jurisdiction name as entry element | Institute of Cost and Management Accountants. |
| 9 (RLIN) | 46932 |
| 942 ## - ADDED ENTRY ELEMENTS (KOHA) | |
| Source of classification or shelving scheme | Dewey Decimal Classification |
| Koha item type | Books |
| Lost status | Source of classification or shelving scheme | Damaged status | Not for loan | Collection code | Permanent Location | Current Location | Shelving location | Date acquired | Source of acquisition | Cost, normal purchase price | Total Checkouts | Full call number | Date last seen | Copy number | Koha item type |
|---|---|---|---|---|---|---|---|---|---|---|---|---|---|---|---|
| Dewey Decimal Classification | Non-fiction | Central Library, University of Rajshahi | Central Library, University of Rajshahi | 04/01/1987 | Tulip | 12.25 | 657.42 LAV 1985 | 09/02/2014 | C-2 | Books | |||||
| Dewey Decimal Classification | Not For Loan | Non-fiction | Central Library, University of Rajshahi | Central Library, University of Rajshahi | Reading Room | 04/01/1987 | Tulip | 12.25 | 657.42 LAV 1985 | 14/01/2017 | C-1 | Books |